| 000 | 00401nam a2200157Ia 4500 | ||
|---|---|---|---|
| 008 | 230917s9999||||xx |||||||||||||| ||und|| | ||
| 040 |
_e73744 _aMAIN |
||
| 041 | _aEnglish | ||
| 082 | _a658.4 H369I | ||
| 100 | _aHellriegel, Don | ||
| 245 | 0 | _aInstructer's manual to accompany organizational behaviour | |
| 250 | _a2nd ed. | ||
| 260 |
_aSt Paul _bWest _c1979 |
||
| 300 | _avii, 274 p. | ||
| 942 | _cBK | ||
| 999 |
_c35507 _d35507 |
||